LEADER 06270nam 2200697 450 001 9910790826803321 005 20230803022627.0 010 $a3-05-006497-8 024 7 $a10.1524/9783050064970 035 $a(CKB)2550000001169919 035 $a(EBL)1394767 035 $a(OCoLC)865330180 035 $a(SSID)ssj0001121202 035 $a(PQKBManifestationID)11623998 035 $a(PQKBTitleCode)TC0001121202 035 $a(PQKBWorkID)11159869 035 $a(PQKB)11573461 035 $a(MiAaPQ)EBC1394767 035 $a(DE-B1597)227124 035 $a(OCoLC)864305622 035 $a(DE-B1597)9783050064970 035 $a(Au-PeEL)EBL1394767 035 $a(CaPaEBR)ebr10820056 035 $a(CaONFJC)MIL551904 035 $a(EXLCZ)992550000001169919 100 $a20140104h20132013 uy| 0 101 0 $ager 135 $aur|n|---||||| 181 $ctxt 182 $cc 183 $acr 200 10$aConversations of intercultural couples /$fKellie Gonc?alves 210 1$aBerlin :$cAkademie Verlag,$d[2013] 210 4$d©2013 215 $a1 online resource (236 p.) 225 1 $aDiskursmuster = Discourse patterns ;$vBand 4 300 $aDescription based upon print version of record. 311 $a3-05-006055-7 311 $a1-306-20653-7 327 $t Frontmatter -- $tContents -- $tAcknowledgements -- $tTranscription conventions -- $t1. Introduction -- $t2. Data collection and participants -- $t3. Socio-historical and sociolinguistic background -- $t4. Identity -- $t5. Modes of positioning -- $t6. Language learning in a diglossic area -- $t7. Doing Swiss and performing hybridity: positioning of self and other and negotiating meaning -- $t8. Conclusion -- $t9. Appendices 330 $aDieses Buch ist eine empirische Studie, die individuelle Gründe für spezifische Sprachpraktiken und für die Verhandlung und Performanz hybrider Identitäten innerhalb der intimsten "Community of Practice (CofP)", der Ehe, untersucht. Die der Studie zugrundeliegenden Daten stammen zum einen aus ethnographischen Beobachtungen, die über drei Jahre durchgeführt wurden; zum anderen aus Interviews mit interkulturellen Paaren, genauer mit Personen englischer Muttersprache, die mit deutschsprachigen SchweizerInnen verheiratet sind und in einer diglossen Sprachregion in der Zentralschweiz leben. Die Studie nimmt eine interdisziplinäre Perspektive ein, welche sich dem soziokulturellen linguistischen Zugang zu Identität und der sozialpsychologischen Theorie des "Positioning" bedient. Der neuartige theoretische Ansatz dieses Buches besteht aus der Rekonzeptualisierung von Identität, da die emische Perspektive der UntersuchungsteilnehmerInnen miteinbezogen wird. Diese können sich nämlich nicht von der sozial konstruierten Idee einer stabilen Identität trennen, obwohl sie zugeben, Teil gewisser soziokultureller Darstellungen zu sein. Die Analyse zeigt, wie Individuen ihre statischen und dynamischen Identitäten diskursiv konstruieren. Weiter wird die Bedeutung expliziter wie auch impliziter Identitätsansprüche individueller TeilnehmerInnen hervorgehoben und durch die Unterscheidung zweier Arten von Identität - situated und situationalidentities - illustriert. Die Ansichten der TeilnehmerInnen selbst fügt eine weitere Ebene zu jeglicher soziologischen, anthropologischen und linguistischen Analyse von Menschen in Diasporas hinzu. Während postmoderne Definitionen Identität als multivalent betrachten und die interaktionale Soziolinguistik Identität als emergent versteht, wird hier für eine Auseinandersetzung mit Identität argumentiert, welche essentialistische Vorstellungen nicht verwirft, da sich Individuen selbst mehrheitlich als gefestigte und einheitliche Persönlichkeiten verstehen. This book presents an empirical study that examines individuals' reasons for specific language practices and investigates the negotiation and performances of hybrid identities within the most intimate community of practice (CofP), the marital unit. The data stem from ethnographic observation over a three-year period as well as recorded conversations with intercultural couples, namely Anglophones married to native German-speaking Swiss, who reside in central Switzerland, where a diglossic situation prevails. This study is placed within an interdisciplinary framework that draws on the sociocultural linguistic approach to identity and the social psychological theory of positioning. The novel approach on which this book focuses is the re-conceptualization of identity by considering participants' emic perspectives since individuals cannot part with the idea of a socially constructed notion of a stable identity despite admitting to engaging in certain socio-cultural practices. The analysis shows how individuals discursively construct their static and dynamic identities. It emphasizes the importance of individuals' explicit identity claims as well as their implicit identity claims illustrating a clear distinction between two types of identities, termed situated and situational. This book argues that participants' views add another level to any sociological, anthropological and linguistic analyses of diasporic individuals. While post-modern definitions of identity are understood as multivalent and interactional sociolinguistic studies view identity as emergent, this study shows that any discussion of identity should not discard the notion of essentialism since individuals more often construct themselves and each other as stable and unitary beings within the context of social interaction. 410 0$aDiskursmuster ;$vBd. 4. 606 $aInterethnic marriage 606 $aIntercountry marriage 606 $aCultural relations 606 $aInterracial marriage 606 $aRacially mixed people 615 0$aInterethnic marriage. 615 0$aIntercountry marriage. 615 0$aCultural relations. 615 0$aInterracial marriage. 615 0$aRacially mixed people. 676 $a306.44/609494 700 $aGoncalves$b Kellie$0913374 801 0$bMiAaPQ 801 1$bMiAaPQ 801 2$bMiAaPQ 906 $aBOOK 912 $a9910790826803321 996 $aConversations of intercultural couples$93697821 997 $aUNINA LEADER 03155nam 2200649 a 450 001 9910789764003321 005 20230525173005.0 010 $a1-283-23192-1 010 $a9786613231925 010 $a94-006-0009-7 035 $a(CKB)2670000000108195 035 $a(EBL)752436 035 $a(OCoLC)746747220 035 $a(SSID)ssj0000544370 035 $a(PQKBManifestationID)11352947 035 $a(PQKBTitleCode)TC0000544370 035 $a(PQKBWorkID)10552879 035 $a(PQKB)11725429 035 $a(OCoLC)966771448 035 $a(MdBmJHUP)muse54604 035 $a(Au-PeEL)EBL3327176 035 $a(CaPaEBR)ebr10493662 035 $a(CaONFJC)MIL323192 035 $a(MiAaPQ)EBC3327176 035 $a(EXLCZ)992670000000108195 100 $a20110929d2010 uy 0 101 0 $aeng 135 $aur|n|---||||| 181 $ctxt$2rdacontent 182 $cc$2rdamedia 183 $acr$2rdacarrier 200 04$aThe necklace of the Pleiades $estudies in Persian literature presented to Heshmat Moayyad on his 80th birthday : 24 essays on Persian literature, culture and religion /$feditors, F.D. Lewis, S. Sharma 210 $aLeiden $cLeiden University Press$d2010 215 $a1 online resource (391 pages) 225 1 $aIranian studies series 311 0 $a90-8728-091-2 320 $aIncludes bibliographical references. 327 $aThe Necklace of the Pleiades; Table of Contents; INTRODUCTION; A BIBLIOGRAPHY OF THE WORKS OF HESHMAT MOAYYAD; I. Alexander Romance; II. The Epic Cycle; III. Religious Texts and Contexts; IV. The Poetic Text and Central Motifs; V. Center and Periphery; IV. The Modern Period; Backlist Iranian Studies Series: 330 8 $a"The necklace of the Pleiades" is a volume on Persian literature, culture and religion by Persian scholars from around the world. This book reflects the state of the field of Persian literary studies and will be of substantial interest not only to scholars of Iranian culture, history and religions, but of Middle Eastern and South Asian studies, as well. The topics of the 24 essays range from the Persian Alexander romance, to Ferdowsi's Shahnama and other epics, the poetics and imagery of the ghazal and the qasida, Mughal court poetry, Sufism, Ismaili history, Baha'i literature, Iranian linguistics, the modern writer Sadeq Hedayat, and the reception of Salman Rushdie's novel in Persian translation. 410 0$aIranian studies series (Leiden, Netherlands) 606 $aPersian literature$xHistory and criticism 606 $aIranian literature$xHistory and criticism 606 $aPersian poetry$xHistory and criticism 607 $aIran$xCivilization 615 0$aPersian literature$xHistory and criticism. 615 0$aIranian literature$xHistory and criticism. 615 0$aPersian poetry$xHistory and criticism. 676 $a891.5509 701 $aLewis$b Franklin$f1961-2022.$01559582 701 $aSharma$b S$0381519 801 0$bMiAaPQ 801 1$bMiAaPQ 801 2$bMiAaPQ 906 $aBOOK 912 $a9910789764003321 996 $aThe necklace of the Pleiades$93824842 997 $aUNINA LEADER 03730nam 2200433 450 001 9910825569503321 005 20230823004106.0 010 $a92-64-96365-0 035 $a(CKB)5470000000211096 035 $a(MiAaPQ)EBC6408791 035 $a(Au-PeEL)EBL6408791 035 $a(OCoLC)1225550139 035 $a(EXLCZ)995470000000211096 100 $a20220526d2020 uy 0 101 0 $afre 135 $aurcnu|||||||| 181 $ctxt$2rdacontent 182 $cc$2rdamedia 183 $acr$2rdacarrier 200 00$aGobernanza Regulatoria del Sector Ferroviario en Me?xico /$fOrganisation de Coope?ration et de De?veloppement E?conomiques 210 1$aParis :$cOECD Publishing,$d[2020] 210 4$d©2020 215 $a1 online resource (104 pages) 311 $a92-64-97875-5 311 $a92-64-61203-3 327 $aIntro -- Prefacio -- Reconocimientos -- Acro?nimos y abreviaturas -- Instrumentos legales que afectan los servicios ferroviarios en Me?xico -- Resumen ejecutivo -- Hallazgos principales -- Recomendaciones principales -- 1 Evaluacio?n y recomendaciones -- Evaluacio?n sobre la regulacio?n ferroviaria -- Evaluacio?n sobre la gobernanza de la Agencia Reguladora del Transporte Ferroviario -- Recomendaciones relacionadas con la regulacio?n ferroviaria -- Recomendaciones sobre gobernanza -- Notas -- Referencias -- 2 Desempen?o del sector ferroviario de Me?xico -- Ana?lisis de la industria -- Desempen?o econo?mico -- Ana?lisis de los productos -- Participacio?n del sector ferroviario -- Ana?lisis espaciales -- Comparacio?n internacional -- Referencias -- 3 Informe de situacio?n y reformas del sector ferroviario de Me?xico -- Desarrollo de las vi?as ferroviarias desde el siglo XIX a 1994 -- Ley Reglamentaria del Servicio Ferroviario de 1995 y Concesiones ferroviarias de Me?xico -- Concesiones de las vi?as ferroviarias -- Fusiones y adquisiciones -- Exclusividad -- Derechos de uso de vi?as y arrastre obligatorios como excepciones a la exclusividad -- Proteccio?n de transportistas cautivos -- Derechos de usos de vi?as negociados adema?s de aquellos obligatorios en los ti?tulos de concesio?n -- Enmiendas a la Ley del 2015 y establecimiento de la Agencia Reguladora del Transporte Ferroviario -- Objetivos de la red -- Tarifas y competencia -- Responsabilidades para la regulacio?n econo?mica -- Enmiendas adicionales a la Ley Reglamentaria del Servicio Ferroviario -- Pra?ctica internacional sobre regulacio?n y gobernanza del sector ferroviario -- Metodologi?as estadounidenses -- Regulacio?n canadiense -- Tra?fico de intercambio -- Referencias -- 4 Gobernanza interna de la Agencia Reguladora del Transporte Ferroviario -- Claridad de la funcio?n. 327 $aPrevenir la influencia indebida y mantener la confianza -- Toma de decisiones y estructura del organismo gubernamental para reguladores independientes -- Rendicio?n de cuentas y transparencia -- Participacio?n de los actores interesados -- Financiamiento -- Evaluacio?n del desempen?o -- Referencias -- Glosario y definiciones -- Blank Page. 330 $aEl reporte ofrece una descripcio?n y una evaluacio?n de las acciones llevadas a cabo recientemente por el gobierno mexicano para mejorar la calidad de la regulacio?n y la gobernanza regulatoria en el sector ferroviario en Me?xico. 606 $aTransportation 615 0$aTransportation. 676 $a387.50621 712 02$aOrganisation for Economic Co-operation and Development, 801 0$bMiAaPQ 801 1$bMiAaPQ 801 2$bMiAaPQ 906 $aBOOK 912 $a9910825569503321 996 $aGobernanza Regulatoria del Sector Ferroviario en Me?xico$94061957 997 $aUNINA